Normal view
MARC view
- Senet, Rodolfo,
Entry Nombre Personal
001 - NUMERO DE CONTROL
- campo de control: 36098
003 - IDENTIFICADOR DE NUMERO DE CONTROL
- campo de control: UPN
005 - FECHA Y HORA DE LA ÜLTIMA TRANSACCIÓN
- campo de control: 20210219194511.0
008 - DATOS DE LONGITUD FIJA
- campo de control de longitud fija: nabaccnnaabn|||||||||| b |nc|||||d
035 ## - NUMERO DE CONTROL
- Número de control: UPN11000008205
040 ## - FUENTE DE CATALOGACIÓN
- Lenguaje de catalogación: SPA
- Agencia de transcripción: UPN
100 1# - ENCABEZAMIENTO - NOMBRE PERSONAL
- Nombre personal: Senet, Rodolfo,
- Fechas asociadas con el nombre: 1872-1938
670 ## - FUENTE EN LA QUE SE LOCALIZARON DATOS
- Cita de la fuente: T
- Uniform Resource Identifier: http://www.unlp.edu.ar/articulo/2012/9/6/vidas_y_retratos_rodolfo_senet
680 ## - NOTA PUBLICA DE ACCESO PÚBLICO
- Frase explicativa de la referencia: Antropólogo y psicopedagogo argentino
902 ## - CATALOGADOR
- Catalogador: CAA/121114
